LEADER 02479nam 2200589 a 450 001 9910780890903321 005 20230725041528.0 010 $a1-282-76172-2 010 $a9786612761720 010 $a981-4289-74-4 035 $a(CKB)2490000000001773 035 $a(EBL)1681664 035 $a(OCoLC)630133469 035 $a(SSID)ssj0000424500 035 $a(PQKBManifestationID)11249478 035 $a(PQKBTitleCode)TC0000424500 035 $a(PQKBWorkID)10471199 035 $a(PQKB)11302912 035 $a(WSP)00000688 035 $a(Au-PeEL)EBL1681664 035 $a(CaPaEBR)ebr10422334 035 $a(CaONFJC)MIL276172 035 $a(MiAaPQ)EBC1681664 035 $a(EXLCZ)992490000000001773 100 $a20090713d2010 uy 0 101 0 $aeng 135 $aur|n|---||||| 181 $ctxt 182 $cc 183 $acr 200 10$aOn the pulsar$b[electronic resource] /$fB. B. Kadomsev ; foreword by A. Nomerotsky 210 $aSingapore ;$aHackensack, NJ $cWorld Scientific$dc2010 215 $a1 online resource (146 p.) 300 $aIncludes index. 311 $a981-4289-72-8 327 $aUnexpected encounter -- What is a pulsar? -- Mischievous ball -- Misha and sasha -- Playing billiards -- Stubborn fountains -- In the country of anisotropic masses -- Matter in a superstrong magnetic field -- Neutron star -- Physics of the pulsar -- Non-linearity and self-organization -- On the pulsar. 330 $a This book serves as a good introduction to the physics of pulsars by explaining the subject matter in simple terms which are understandable to both undergraduate physics students and also the general public. On the Pulsar links together ideas about physics, informatics and biology, and contains many original examples, problems and solutions. It starts with simple examples about the regular structures that are possible in strong magnetic fields and the author then suggests that special conditions on the pulsar can result in some forms of self-organization. It will also make a valuable t 606 $aPulsars 606 $aNeutron stars 606 $aAstrophysics 615 0$aPulsars. 615 0$aNeutron stars. 615 0$aAstrophysics. 676 $a523.8/874 700 $aKadomt?sev$b B. B$012193 801 0$bMiAaPQ 801 1$bMiAaPQ 801 2$bMiAaPQ 906 $aBOOK 912 $a9910780890903321 996 $aOn the pulsar$93787671 997 $aUNINA LEADER 02474nam 2200613zu 450 001 9910133535703321 005 20210807004421.0 010 $a2-905838-78-7 024 7 $a10.4000/books.cedej.1100 035 $a(CKB)3390000000053786 035 $a(SSID)ssj0001539835 035 $a(PQKBManifestationID)11849122 035 $a(PQKBTitleCode)TC0001539835 035 $a(PQKBWorkID)11531857 035 $a(PQKB)11772197 035 $a(WaSeSS)IndRDA00043814 035 $a(FrMaCLE)OB-cedej-1100 035 $a(oapen)https://directory.doabooks.org/handle/20.500.12854/52187 035 $a(PPN)182827364 035 $a(oapen)doab52187 035 $a(EXLCZ)993390000000053786 100 $a20160829d2005 uy 101 0 $afre 135 $aur||||||||||| 181 $ctxt 182 $cc 183 $acr 200 12$aL'autoritarisme dans le monde arabe 210 $cCEDEJ - Égypte/Soudan$d2005 210 31$a[Place of publication not identified]$cCEDEJ Égypte/Soudan$d2005 215 $a1 online resource (107 pages) 225 1 $aDe?bats 300 $aBibliographic Level Mode of Issuance: Monograph 330 $aCet ouvrage reprend la matière des conférences et discussions qui eurent lieu lors d'une journée d'étude organisée par le CEDEJ. La thématique principale en était la question de l'autoritarisme, comme catégorie analytique mais aussi en tant que concept opératoire pour l'étude des sociétés du monde arabe aujourd'hui. Sur ce thème, les interventions de Michel Camau et Luis Martinez ont en commun d'apporter des éclairages et d'étoffer la réflexion, à partir de deux entrées différentes. Si l'un parle de consolidation, l'autre pose la question de la violence comme épreuve critique, voire ultime, de l'autoritarisme. 410 0$aCol·leccio? Debats. 606 $aGovernment - Non-U.S$2HILCC 606 $aLaw, Politics & Government$2HILCC 606 $aGovernment - Asia$2HILCC 610 $aislamisme 610 $amonde arabe 610 $aautoritarisme 610 $adémocratie arabe 610 $atransition démocratique 615 7$aGovernment - Non-U.S. 615 7$aLaw, Politics & Government 615 7$aGovernment - Asia 700 $aCamau$b Michel$0234627 702 $aMartinez$b Luis 702 $aBoutaleb$b Assia 801 0$bPQKB 906 $aBOOK 912 $a9910133535703321 996 $aL'autoritarisme dans le monde arabe$91994759 997 $aUNINA